[Event "Alberta-ch"]
[Site "Calgary CAN"]
[Date "1999.04.03"]
[Round "4"]
[White "Fullbrook, Nigel"]
[Black "Walker, Warrick"]
[Result "1-0"]
[WhiteElo "2351"]
[BlackElo "2211"]
[PlyCount "59"]
[GameId "2160767911805264"]
[EventDate "1999.04.01"]
[EventType "tourn"]
[EventRounds "7"]
[EventCountry "CAN"]

1. e4 d5 2. exd5 Nf6 3. d4 Bg4 4. Nf3 Qxd5 5. Be2 e6 6. h3 Bf5 7. c4 Bb4+ 8. Nc3 Qa5 9. Bd2 Ne4 10. Nxe4 Bxe4 11. O-O O-O 12. Be3 Be7 13. Nd2 Bg6 14. Nb3 Qf5 15. Bf3 c6 16. Rc1 a5 17. d5 Rd8 18. Nd4 Qf6 19. Qb3 e5 20. Qxb7 exd4 21. Qxa8 cxd5 22. Bd2 Na6 23. Qb7 Nc5 24. Qa7 Nd3 25. Bxa5 Nxc1 26. Bxd8 Bxd8 27. Rxc1 dxc4 28. Rxc4 h6 29. Qxd4 Qe7 30. Rc8 1-0

[Event "Alberta-ch"]
[Site "Calgary CAN"]
[Date "1999.04.03"]
[Round "4"]
[White "Gardner, Robert"]
[Black "Haessel, Dale"]
[Result "1-0"]
[WhiteElo "2306"]
[BlackElo "2301"]
[PlyCount "99"]
[GameId "2160767911805265"]
[EventDate "1999.04.01"]
[EventType "tourn"]
[EventRounds "7"]
[EventCountry "CAN"]

1. e4 e6 2. d4 d5 3. Nd2 Nf6 4. e5 Nfd7 5. Bd3 c5 6. c3 Nc6 7. Ne2 Qb6 8. Nf3 cxd4 9. cxd4 f6 10. exf6 Nxf6 11. O-O Bd6 12. b3 Qc7 13. Bb2 O-O 14. Rc1 Bd7 15. Ng3 Bf4 16. Rc2 Qb6 17. Ne5 Nb4 18. Nxd7 Nxd7 19. Re2 Nxd3 20. Qxd3 Rac8 21. Rfe1 Rc6 22. Nh5 Bh6 23. Qh3 Re8 24. Qg4 g6 25. Nf4 Nf6 26. Qh4 Bg7 27. f3 Qa6 28. a3 Kf7 29. Qf2 g5 30. Nh3 h6 31. Qe3 Nh5 32. g3 Rec8 33. Nf2 Rc2 34. Nd3 Rxe2 35. Rxe2 Qb6 36. Nc5 Rc6 37. a4 a5 38. Nd3 Bf6 39. Kg2 Ng7 40. g4 Qc7 41. Ne5+ Bxe5 42. dxe5 b5 43. axb5 Rb6 44. h4 Rxb5 45. hxg5 hxg5 46. Ba3 Qb7 47. Qxg5 Rxb3 48. Qf6+ Kg8 49. Qf8+ Kh7 50. Kg3 1-0

[Event "Alberta-ch"]
[Site "Calgary CAN"]
[Date "1999.04.03"]
[Round "4"]
[White "Grumic, Sasha"]
[Black "Lapides, Andrew"]
[Result "1/2-1/2"]
[WhiteElo "2222"]
[BlackElo "2326"]
[PlyCount "129"]
[GameId "2160767911805266"]
[EventDate "1999.04.01"]
[EventType "tourn"]
[EventRounds "7"]
[EventCountry "CAN"]

1. g3 Nf6 2. Bg2 g6 3. c4 Bg7 4. Nc3 O-O 5. Nf3 d6 6. d3 Nc6 7. O-O e5 8. Rb1 Be6 9. Ng5 Bd7 10. h3 h6 11. Nf3 Nh5 12. b4 Ne7 13. Qb3 c6 14. b5 Rb8 15. e4 c5 16. Qa3 Ra8 17. Ne1 Be6 18. Kh2 Qd7 19. Qb3 f5 20. Ne2 f4 21. g4 Nf6 22. Nf3 Nh7 23. Bb2 Bf6 24. Nfg1 Kf7 25. Qc3 h5 26. f3 Rh8 27. a4 Raf8 28. Rbd1 Ke8 29. Qa5 Nc8 30. Nc3 Bd8 31. b6 a6 32. Nd5 Rf7 33. d4 exd4 34. e5 Bxd5 35. cxd5 dxe5 36. Rde1 Qxd5 37. Qd2 Nxb6 38. Rxe5+ Qxe5 39. Re1 Qxe1 40. Qxe1+ Re7 41. Qb1 Rg8 42. a5 Nc8 43. Qa2 Rf8 44. Ba3 Re5 45. Qb1 Rf7 46. Qxg6 Nf8 47. Qc2 Ne6 48. Bf1 hxg4 49. hxg4 Nd6 50. Bd3 Kd7 51. Kg2 Nb5 52. Qa4 Kc8 53. Bb2 Nc3 54. Bxc3 dxc3 55. Qc4 Bxa5 56. Bf5 Rf6 57. Ne2 b5 58. Qa2 Kb7 59. Bxe6 Rexe6 60. Nxf4 Rxf4 61. Qxe6 Rc4 62. Qd5+ Kc7 63. Qf7+ Kb6 64. Qe6+ Kb7 65. Qd5+ 1/2-1/2

[Event "Alberta-ch"]
[Site "Calgary CAN"]
[Date "1999.04.03"]
[Round "4"]
[White "Huber, Gregory"]
[Black "Odachowski, Arthur"]
[Result "1/2-1/2"]
[WhiteElo "2384"]
[BlackElo "2247"]
[PlyCount "65"]
[GameId "2160767911805267"]
[EventDate "1999.04.01"]
[EventType "tourn"]
[EventRounds "7"]
[EventCountry "CAN"]

1. e4 c5 2. Nf3 d6 3. d4 cxd4 4. Nxd4 Nf6 5. Nc3 Nc6 6. Bc4 e6 7. O-O a6 8. Bb3 Qc7 9. Kh1 Na5 10. Ba4+ Bd7 11. Bxd7+ Qxd7 12. b3 Rc8 13. Bb2 Be7 14. f3 Qc7 15. Qe1 Nc6 16. Nce2 d5 17. Nxc6 bxc6 18. exd5 cxd5 19. Rc1 O-O 20. Ng3 Nd7 21. c4 Bg5 22. Rd1 dxc4 23. bxc4 Bf6 24. Bxf6 Nxf6 25. Rc1 Qf4 26. Qe2 Rc5 27. Rfd1 Rfc8 28. Qd2 Qxd2 29. Rxd2 Kf8 30. Rdc2 g5 31. Kg1 h5 32. Kf2 h4 33. Ne4 1/2-1/2

[Event "Alberta-ch"]
[Site "Calgary CAN"]
[Date "1999.??.??"]
[Round "5"]
[White "Haessel, Dale"]
[Black "Huber, Gregory"]
[Result "0-1"]
[WhiteElo "2208"]
[BlackElo "2210"]
[PlyCount "48"]
[GameId "2160767911805268"]
[EventDate "1999.04.01"]
[EventType "tourn"]
[EventRounds "7"]
[EventCountry "CAN"]
[SourceTitle "EXT 2003"]
[Source "ChessBase"]
[SourceDate "2002.11.25"]
[SourceVersion "1"]
[SourceVersionDate "2002.11.25"]
[SourceQuality "1"]

1. e4 e6 2. d4 c5 3. c3 d5 4. e5 Nc6 5. Nf3 Qb6 6. Be2 cxd4 7. cxd4 Nge7 8. b3 Nf5 9. Bb2 Bb4+ 10. Kf1 O-O 11. g4 Nh6 12. Bd3 f6 13. exf6 gxf6 14. Qc2 Kh8 15. Rg1 Bd6 16. Bxh7 f5 17. gxf5 exf5 18. Bg6 Rg8 19. Qd2 f4 20. Nc3 Bg4 21. Nh4 Qd8 22. Nxd5 Qxh4 23. Nxf4 Bxf4 24. d5+ Ne5 0-1

[Event "Alberta-ch"]
[Site "Calgary CAN"]
[Date "1999.04.03"]
[Round "5"]
[White "Gardner, Robert"]
[Black "Lapides, Andrew"]
[Result "1-0"]
[WhiteElo "2306"]
[BlackElo "2326"]
[PlyCount "123"]
[GameId "2160767911805269"]
[EventDate "1999.04.01"]
[EventType "tourn"]
[EventRounds "7"]
[EventCountry "CAN"]

1. e4 e6 2. d4 d5 3. Nd2 c5 4. exd5 Qxd5 5. Ngf3 cxd4 6. Bc4 Qd6 7. O-O Nf6 8. Nb3 Nc6 9. Nbxd4 Nxd4 10. Nxd4 a6 11. c3 Be7 12. Qe2 O-O 13. Re1 Qc7 14. Bb3 Bd6 15. h3 Bd7 16. Bg5 Rae8 17. Bc2 Nd5 18. Qd3 f5 19. Nxe6 Bxe6 20. Rxe6 Rxe6 21. Qxd5 Qf7 22. Qxe6 Qxe6 23. Bb3 Qxb3 24. axb3 h6 25. Be3 Kf7 26. Rd1 Ke6 27. Bd4 Rf7 28. Kf1 Rc7 29. Ke2 Bc5 30. Bxc5 Rxc5 31. Rd8 Ke7 32. Rd4 Rc7 33. Kd3 Ke6 34. b4 Ke5 35. c4 Ke6 36. f4 Ke7 37. Rd5 Ke6 38. Kd4 g6 39. c5 Kf6 40. Rd6+ Kf7 41. Rb6 Re7 42. g3 g5 43. fxg5 hxg5 44. b5 axb5 45. Rxb5 f4 46. gxf4 gxf4 47. c6 bxc6 48. Rf5+ Kg6 49. Rxf4 Re1 50. Kc5 Kg5 51. Rd4 Re6 52. b4 Rh6 53. Rd6 Rxh3 54. Kxc6 Rc3+ 55. Kb6 Kf5 56. b5 Ke5 57. Rd1 Ke6 58. Kb7 Ke7 59. b6 Rc2 60. Kb8 Rb2 61. b7 Ke6 62. Ra1 1-0

[Event "Alberta-ch"]
[Site "Calgary CAN"]
[Date "1999.04.03"]
[Round "5"]
[White "Lapides, Andrew"]
[Black "Fullbrook, Nigel"]
[Result "0-1"]
[WhiteElo "2326"]
[BlackElo "2351"]
[PlyCount "42"]
[GameId "2160767911805270"]
[EventDate "1999.04.01"]
[EventType "tourn"]
[EventRounds "7"]
[EventCountry "CAN"]

1. e4 d6 2. d4 Nf6 3. Nc3 g6 4. Be3 Bg7 5. Qd2 c6 6. f3 b5 7. Bh6 Bxh6 8. Qxh6 b4 9. Na4 Nbd7 10. Bd3 Qa5 11. b3 c5 12. Ne2 cxd4 13. Nxd4 Qe5 14. Qe3 Nd5 15. Qf2 Nc5 16. Bb5+ Kf8 17. Bc6 Bb7 18. O-O Nc3 19. Nxc5 Bxc6 20. Nd3 Qxd4 21. Qxd4 Ne2+ 0-1

[Event "Alberta-ch"]
[Site "Calgary CAN"]
[Date "1999.04.03"]
[Round "5"]
[White "Odachowski, Arthur"]
[Black "Grumic, Sasha"]
[Result "1-0"]
[WhiteElo "2247"]
[BlackElo "2222"]
[PlyCount "77"]
[GameId "2160767911805271"]
[EventDate "1999.04.01"]
[EventType "tourn"]
[EventRounds "7"]
[EventCountry "CAN"]

1. d4 g6 2. c4 Bg7 3. Nf3 c5 4. Nc3 cxd4 5. Nxd4 Nc6 6. e3 Nf6 7. Be2 O-O 8. Nc2 d6 9. O-O a6 10. b3 Bf5 11. Nd4 Bd7 12. Bb2 Qa5 13. a3 Rfd8 14. b4 Qg5 15. Nf3 Qh6 16. Ra2 Rac8 17. Bc1 Bh8 18. e4 Qf8 19. Rd2 Bg4 20. Qb3 Nd7 21. Rfd1 Bg7 22. Nd5 Rb8 23. h3 Bxf3 24. Bxf3 b5 25. Be2 Rdc8 26. Qa2 bxc4 27. Bxc4 a5 28. Ba6 Rd8 29. Qc2 Na7 30. Qc7 axb4 31. axb4 Nc8 32. b5 Ncb6 33. Rc2 Na4 34. Be3 e6 35. Nb4 Ndc5 36. Nc6 Nc3 37. Nxd8 Nxa6 38. bxa6 Rb3 39. Rdc1 1-0

[Event "Alberta-ch"]
[Site "Calgary CAN"]
[Date "1999.04.03"]
[Round "5"]
[White "Walker, Warrick"]
[Black "Gardner, Robert"]
[Result "0-1"]
[WhiteElo "2211"]
[BlackElo "2306"]
[PlyCount "45"]
[GameId "2160767911805272"]
[EventDate "1999.04.01"]
[EventType "tourn"]
[EventRounds "7"]
[EventCountry "CAN"]

1. e4 c5 2. d4 cxd4 3. c3 dxc3 4. Nxc3 Nc6 5. Nf3 a6 6. Bc4 e6 7. O-O Nge7 8. Bg5 f6 9. Be3 b5 10. Bb3 Ng6 11. Nd4 Bb7 12. Nxc6 Bxc6 13. f4 Bb4 14. f5 Nf8 15. Nd5 exd5 16. exd5 Qe7 17. Bd4 O-O-O 18. dxc6 dxc6 19. Rc1 Qd6 20. Bb6 Rd7 21. Qxd6 Rxd6 22. a3 Kb7 23. Bf2 0-1

[Event "Alberta-ch"]
[Site "Calgary CAN"]
[Date "1999.04.04"]
[Round "6"]
[White "Grumic, Sasha"]
[Black "Fullbrook, Nigel"]
[Result "1/2-1/2"]
[WhiteElo "2222"]
[BlackElo "2351"]
[PlyCount "25"]
[GameId "2160767911805273"]
[EventDate "1999.04.01"]
[EventType "tourn"]
[EventRounds "7"]
[EventCountry "CAN"]

1. e4 Nf6 2. e5 Nd5 3. c4 Nb6 4. d4 d6 5. f4 dxe5 6. fxe5 c5 7. d5 e6 8. Nc3 exd5 9. cxd5 Qh4+ 10. g3 Qd4 11. Bf4 g5 12. Bxg5 Qxe5+ 13. Qe2 1/2-1/2

[Event "Alberta-ch"]
[Site "Calgary CAN"]
[Date "1999.04.04"]
[Round "6"]
[White "Huber, Gregory"]
[Black "Walker, Warrick"]
[Result "1-0"]
[WhiteElo "2384"]
[BlackElo "2211"]
[PlyCount "64"]
[GameId "2160767911805274"]
[EventDate "1999.04.01"]
[EventType "tourn"]
[EventRounds "7"]
[EventCountry "CAN"]

1. Nf3 Nf6 2. b4 e6 3. a3 a5 4. b5 d5 5. d4 c5 6. e3 Nbd7 7. a4 Nb6 8. Be2 Bd6 9. O-O Qc7 10. c3 Bd7 11. Ba3 Ne4 12. h3 O-O 13. Nfd2 f5 14. Nxe4 fxe4 15. Nd2 Rf6 16. dxc5 Bxc5 17. Bxc5 Qxc5 18. c4 Qb4 19. Rb1 Qxa4 20. c5 Qxd1 21. Rbxd1 Na4 22. Nxe4 Rf7 23. Ra1 dxe4 24. Rxa4 Rf5 25. Rc1 Rc8 26. Rxa5 Rfxc5 27. Rxc5 Rxc5 28. Ra8+ Kf7 29. Rb8 Rc1+ 30. Kh2 Rc2 31. Rxb7 Rxe2 32. Rxd7+ Kf6 1-0

[Event "Alberta-ch"]
[Site "Calgary CAN"]
[Date "1999.04.04"]
[Round "6"]
[White "Odachowski, Arthur"]
[Black "Haessel, Dale"]
[Result "1-0"]
[WhiteElo "2247"]
[BlackElo "2301"]
[PlyCount "95"]
[GameId "2160767911805275"]
[EventDate "1999.04.01"]
[EventType "tourn"]
[EventRounds "7"]
[EventCountry "CAN"]

1. d4 Nf6 2. c4 e6 3. Nc3 Bb4 4. e3 c5 5. Nge2 cxd4 6. exd4 d5 7. a3 Be7 8. Nf4 dxc4 9. Bxc4 O-O 10. O-O Nc6 11. Be3 Bd6 12. Nh5 Nxh5 13. Qxh5 Ne7 14. Ne4 Bc7 15. Rad1 Nd5 16. Bg5 f6 17. Bc1 b6 18. Rfe1 Bb7 19. Bd3 g6 20. Qh6 Qd7 21. Nc3 Rad8 22. Qh3 Rfe8 23. Qh4 Qf7 24. Bc4 Kh8 25. Ne4 g5 26. Bxg5 fxg5 27. Nxg5 Qg7 28. Rxe6 Bf4 29. Bxd5 Bxg5 30. Rxe8+ Rxe8 31. Qh5 Re7 32. Bxb7 Rxb7 33. Qe8+ Qg8 34. Qe5+ Rg7 35. g3 Qf8 36. Rd3 Bf6 37. Rf3 Rf7 38. Qe6 Kg7 39. Qg4+ Kh8 40. Qe6 Qg7 41. d5 Rf8 42. d6 Bxb2 43. d7 Rg8 44. Rf7 Qg6 45. Qe8 Qd3 46. Rf8 Qd1+ 47. Kg2 Qd5+ 48. Kh3 1-0

[Event "Alberta-ch"]
[Site "Calgary CAN"]
[Date "1999.04.04"]
[Round "7"]
[White "Fullbrook, Nigel"]
[Black "Gardner, Robert"]
[Result "1-0"]
[WhiteElo "2351"]
[BlackElo "2306"]
[PlyCount "73"]
[GameId "2160767911805276"]
[EventDate "1999.04.01"]
[EventType "tourn"]
[EventRounds "7"]
[EventCountry "CAN"]

1. e4 c5 2. Nf3 d6 3. c3 Nc6 4. d4 Bd7 5. Be3 b6 6. Nbd2 g6 7. h4 h5 8. d5 Na5 9. Ng5 Nh6 10. f3 Bg7 11. Be2 Qc7 12. b4 Nb7 13. Rc1 a5 14. b5 O-O-O 15. O-O Rdf8 16. Nc4 Nd8 17. Qb3 Nb7 18. Rcd1 Bf6 19. Rfe1 Ng8 20. f4 Nh6 21. Bf2 Bg4 22. e5 Bxg5 23. hxg5 Bxe2 24. Rxe2 Nf5 25. Ne3 Nxe3 26. Rxe3 f6 27. exf6 exf6 28. Rde1 Rh7 29. gxf6 Rxf6 30. Re8+ Nd8 31. Bh4 Qf7 32. R1e7 Qxe7 33. Rxe7 Rxe7 34. Bxf6 Rf7 35. Bg5 Kd7 36. Qc2 Rf5 37. Qe4 1-0

[Event "Alberta-ch"]
[Site "Calgary CAN"]
[Date "1999.04.04"]
[Round "7"]
[White "Haessel, Dale"]
[Black "Grumic, Sasha"]
[Result "1-0"]
[WhiteElo "2301"]
[BlackElo "2222"]
[PlyCount "47"]
[GameId "2160767911805277"]
[EventDate "1999.04.01"]
[EventType "tourn"]
[EventRounds "7"]
[EventCountry "CAN"]

1. e4 c5 2. c3 d6 3. d4 Nc6 4. d5 Nb8 5. c4 b5 6. cxb5 g6 7. Nc3 Bg7 8. f4 Nd7 9. Nf3 a6 10. bxa6 Bxa6 11. Bxa6 Rxa6 12. Qe2 Qa8 13. e5 Nh6 14. Nb5 Kd8 15. O-O Rb6 16. Bd2 Qa5 17. Nc3 Qa8 18. Rfe1 Re8 19. exd6 Rxd6 20. Ne5 e6 21. Kh1 Ke7 22. Nxd7 Rxd7 23. dxe6 Kf8 24. exd7 1-0

[Event "Alberta-ch"]
[Site "Calgary CAN"]
[Date "1999.04.04"]
[Round "7"]
[White "Lapides, Andrew"]
[Black "Huber, Gregory"]
[Result "1-0"]
[WhiteElo "2326"]
[BlackElo "2384"]
[PlyCount "87"]
[GameId "2160767911805278"]
[EventDate "1999.04.01"]
[EventType "tourn"]
[EventRounds "7"]
[EventCountry "CAN"]

1. e4 c5 2. Nc3 Nc6 3. g3 g6 4. Bg2 Bg7 5. d3 d6 6. Be3 e6 7. Qd2 Rb8 8. Nf3 Nd4 9. Nd1 e5 10. Nh4 Bf6 11. c3 Bxh4 12. cxd4 cxd4 13. gxh4 dxe3 14. Nxe3 Nf6 15. O-O O-O 16. f4 exf4 17. Rxf4 Nh5 18. Rf2 Qxh4 19. Qa5 a6 20. Qc7 Bh3 21. Raf1 Qg5 22. Nd5 Bxg2 23. Rxg2 Qe5 24. Rgf2 f5 25. Nb6 f4 26. Nd7 Qg5+ 27. Rg2 Rbc8 28. Qxd6 Qd8 29. Qxf8+ Qxf8 30. Nxf8 Rxf8 31. Rg4 Rd8 32. Rf3 Kf7 33. Kf2 Ke6 34. Ke2 Ke5 35. h4 Rc8 36. Kd2 Rd8 37. Rg5+ Ke6 38. Rc5 Rd7 39. Kc3 h6 40. Rxh5 Rc7+ 41. Kd2 gxh5 42. Rxf4 Rg7 43. Rf5 Rg6 44. Rxh5 1-0

[Event "Alberta-ch"]
[Site "Calgary CAN"]
[Date "1999.04.04"]
[Round "7"]
[White "Walker, Warrick"]
[Black "Odachowski, Arthur"]
[Result "1-0"]
[WhiteElo "2211"]
[BlackElo "2247"]
[PlyCount "39"]
[GameId "2160767911805279"]
[EventDate "1999.04.01"]
[EventType "tourn"]
[EventRounds "7"]
[EventCountry "CAN"]

1. e4 c5 2. Nf3 d6 3. c3 Nf6 4. Be2 Nc6 5. d4 cxd4 6. cxd4 Nxe4 7. d5 Qa5+ 8. Nc3 Nxc3 9. bxc3 Nd8 10. O-O e5 11. dxe6 Nxe6 12. Rb1 a6 13. Qc2 Be7 14. Bd3 h6 15. Bf5 Qc7 16. Re1 Rb8 17. Bxe6 Bxe6 18. Rxe6 fxe6 19. Qg6+ Kf8 20. Nd4 1-0

[Event "Alberta-ch reserves"]
[Site "Alberta CAN"]
[Date "1999.04.03"]
[Round "4"]
[White "Ottosen, David"]
[Black "Dewindt, Cor"]
[Result "1-0"]
[WhiteElo "2100"]
[BlackElo "1605"]
[PlyCount "113"]
[GameId "2160767911805230"]
[EventDate "1999.04.02"]
[EventType "swiss"]
[EventRounds "5"]
[EventCountry "CAN"]

1. e4 d5 2. d4 dxe4 3. Nc3 Nf6 4. Bg5 Bf5 5. Bc4 e6 6. Nge2 c6 7. O-O Nbd7 8. Ng3 Nb6 9. Bb3 Be7 10. Nxf5 exf5 11. f3 h6 12. Bh4 g5 13. Bf2 Nbd5 14. fxe4 Nxc3 15. bxc3 Nxe4 16. Qh5 Rh7 17. Rae1 Kf8 18. Be3 Nf6 19. Qh3 f4 20. Bd2 Qd7 21. Qd3 Rg7 22. c4 Re8 23. Bc3 Ng4 24. Qh3 f5 25. d5 Bc5+ 26. Kh1 Rxe1 27. Bxe1 Qe7 28. Bc3 Rg6 29. Qf3 Qe3 30. h3 Qxf3 31. Rxf3 Nf2+ 32. Kh2 Ne4 33. Be1 Be3 34. Bb4+ c5 35. Be1 g4 36. Rf1 g3+ 37. Kh1 Ke7 38. c3 Kd6 39. Bc2 Rg7 40. Bd3 Re7 41. Bc2 Rf7 42. Bxe4 fxe4 43. Bxg3 Ke5 44. Be1 Kd6 45. Kh2 a6 46. a4 Ke5 47. Bf2 Bxf2 48. Rxf2 Rf6 49. Rb2 Rf7 50. Rb6 Re7 51. Kg1 e3 52. Kf1 h5 53. Rh6 Rd7 54. Ke2 Rg7 55. Re6+ Kf5 56. Kf1 e2+ 57. Rxe2 1-0

[Event "Alberta-ch reserves"]
[Site "Alberta CAN"]
[Date "1999.04.04"]
[Round "5"]
[White "Sterr, Josh"]
[Black "Ottosen, David"]
[Result "0-1"]
[WhiteElo "1605"]
[BlackElo "2100"]
[PlyCount "70"]
[GameId "2160767911805231"]
[EventDate "1999.04.02"]
[EventType "swiss"]
[EventRounds "5"]
[EventCountry "CAN"]

1. e4 a6 2. d4 h6 3. Nf3 b6 4. Bd3 Bb7 5. O-O e6 6. Bf4 Ne7 7. Nbd2 Ng6 8. Bg3 Nc6 9. c3 h5 10. e5 Nce7 11. h3 Nf5 12. Bxf5 exf5 13. Qc2 h4 14. Bh2 Rh5 15. Rae1 Qe7 16. e6 dxe6 17. Qd3 O-O-O 18. Nc4 Qe8 19. Nce5 Nxe5 20. Nxe5 g5 21. Qc4 Bd6 22. Kh1 Rh7 23. Re3 g4 24. Kg1 f4 25. Bxf4 gxh3 26. Rxh3 Qg8 27. f3 b5 28. Qe2 Bd5 29. Qf2 f6 30. Ng4 Bxf4 31. Nxf6 Qh8 32. Nxh7 Qxh7 33. Rxh4 Qf5 34. g4 Qd3 35. g5 Be3 0-1

[Event "Alma"]
[Site "Alma CAN"]
[Date "1999.09.12"]
[Round "4"]
[White "Tremblay, Yves"]
[Black "Fortier, Marc-Andre"]
[Result "0-1"]
[WhiteElo "1876"]
[BlackElo "2055"]
[PlyCount "64"]
[GameId "2160767911742175"]
[EventDate "1999.09.11"]
[EventType "swiss"]
[EventRounds "4"]
[EventCountry "CAN"]
[SourceTitle "Echec+ 1999.11"]

1. e4 c5 2. Nf3 d6 3. d4 cxd4 4. Nxd4 Nf6 5. Nc3 g6 6. Be2 Bg7 7. O-O Nc6 8. Be3 O-O 9. Kh1 a6 10. Qd2 Qc7 11. f3 Ne5 12. Bh6 Nc4 13. Bxc4 Qxc4 14. Rad1 b5 15. Bxg7 Kxg7 16. a3 Bd7 17. Qg5 Rac8 18. Nf5+ Bxf5 19. exf5 Rc5 20. g4 a5 21. Qe3 Re5 22. Qg1 b4 23. axb4 axb4 24. Rd4 Qc5 25. Ne4 Nxe4 26. fxe4 Qxc2 27. Rxb4 Rxe4 28. Rf2 Qc6 29. Rxe4 Qxe4+ 30. Rg2 Rc8 31. Qd1 d5 32. Kg1 Qe3+ 0-1

[Event "Arnprior op"]
[Site "Arnprior CAN"]
[Date "1999.05.01"]
[Round "1"]
[White "Smilovici, G."]
[Black "Pacey, Kevin"]
[Result "1/2-1/2"]
[WhiteElo "2075"]
[BlackElo "2299"]
[PlyCount "111"]
[GameId "2160767911805124"]
[EventDate "1999.05.01"]
[EventType "swiss"]
[EventRounds "5"]
[EventCountry "CAN"]

1. e4 e5 2. Nf3 Nc6 3. Bb5 a6 4. Bxc6 dxc6 5. O-O Qd6 6. d4 exd4 7. Qxd4 Qxd4 8. Nxd4 Bd7 9. Be3 O-O-O 10. Nc3 Bd6 11. Rad1 Ne7 12. Bg5 f6 13. Bh4 Ng6 14. Bg3 Ne5 15. b3 Rhe8 16. f3 Bb4 17. Nde2 Be6 18. Rxd8+ Rxd8 19. Rd1 Rxd1+ 20. Nxd1 c5 21. Nf4 Bf7 22. Nd5 Bd2 23. Bf4 Bxf4 24. Nxf4 c4 25. b4 Kd7 26. Nc3 Nc6 27. Ncd5 c3 28. a3 Nd4 29. Ne3 Ba2 30. Kf2 Bb1 31. Ne2 Nb5 32. a4 Na3 33. Nxc3 Bxc2 34. Nf5 g6 35. Nd4 Kd6 36. f4 Nb1 37. Nxb1 Bxb1 38. Ke3 b6 39. g4 c5 40. bxc5+ bxc5 41. Ne2 a5 42. Nc3 Bc2 43. h4 h6 44. Nb5+ Ke6 45. Nc3 g5 46. hxg5 hxg5 47. Kf3 gxf4 48. Kxf4 c4 49. Kf3 Ke5 50. Ke3 Bd3 51. Nd5 Bxe4 52. Nxf6 Bc6 53. g5 Bxa4 54. Ng4+ Kf5 55. Kd4 Bb5 56. Ne3+ 1/2-1/2

[Event "Arnprior op"]
[Site "Arnprior CAN"]
[Date "1999.05.01"]
[Round "2"]
[White "Brice, Ron"]
[Black "Pacey, Kevin"]
[Result "0-1"]
[WhiteElo "2040"]
[BlackElo "2299"]
[PlyCount "60"]
[GameId "2160767911805125"]
[EventDate "1999.05.01"]
[EventType "swiss"]
[EventRounds "5"]
[EventCountry "CAN"]

1. c4 e6 2. Nf3 d5 3. b3 c5 4. Bb2 Nc6 5. g3 Nf6 6. Bg2 Be7 7. O-O O-O 8. e3 b6 9. Nc3 Bb7 10. cxd5 exd5 11. d4 Re8 12. dxc5 bxc5 13. Rc1 Ba6 14. Re1 Nb4 15. Bf1 Bxf1 16. Rxf1 Rc8 17. a3 Nc6 18. Qc2 Qd7 19. Rfd1 Qg4 20. Kg2 Red8 21. h3 Qh5 22. Rd2 d4 23. Nd1 Qd5 24. Nc3 Qe6 25. Ng5 Qe5 26. Nf3 Qb8 27. Nd1 Qb7 28. Qf5 g6 29. Qd3 Ne5 30. Qe2 d3 0-1

[Event "Arnprior op"]
[Site "Arnprior CAN"]
[Date "1999.05.01"]
[Round "2"]
[White "Langer, Herb"]
[Black "Benggawan, Amanda"]
[Result "1/2-1/2"]
[WhiteElo "1936"]
[BlackElo "1863"]
[PlyCount "105"]
[GameId "2160767911805126"]
[EventDate "1999.05.01"]
[EventType "swiss"]
[EventRounds "5"]
[EventCountry "CAN"]
[SourceTitle "CFC 1999.08"]
[Source "CFC"]
[SourceDate "1999.08.??"]
[SourceVersionDate "1999.08.??"]
[SourceQuality "1"]

1. d4 d5 2. c4 e6 3. Nc3 Nf6 4. Nf3 Be7 5. Bg5 O-O 6. e3 Nbd7 7. Be2 dxc4 8. Bxc4 c5 9. dxc5 Nxc5 10. O-O a6 11. Qxd8 Rxd8 12. Rad1 b5 13. Rxd8+ Bxd8 14. Rd1 Bb7 15. Be2 Be7 16. Ne5 h6 17. Bh4 Kf8 18. b4 Nce4 19. Nxe4 Bxe4 20. a3 Rc8 21. f3 Ba8 22. Bxf6 Bxf6 23. Nd7+ Ke7 24. Nc5 Bc6 25. Nxa6 Ra8 26. Nc7 Rb8 27. f4 Rb7 28. Na6 Ra7 29. a4 Rxa6 30. axb5 Ra2 31. bxc6 Rxe2 32. b5 Rc2 33. Rd7+ Ke8 34. Rb7 Bd8 35. Kf1 Ba5 36. g4 g6 37. h4 h5 38. gxh5 gxh5 39. e4 Rc4 40. Kf2 Rxe4 41. c7 Rxf4+ 42. Kg3 Bxc7 43. Rxc7 Rb4 44. Rb7 f5 45. b6 e5 46. Rb8+ Kd7 47. b7 Kc7 48. Rh8 Rxb7 49. Rxh5 f4+ 50. Kf3 Kd6 51. Rh8 Ke6 52. Rh6+ Kf5 53. Rh5+ 1/2-1/2

[Event "Arnprior op"]
[Site "Arnprior CAN"]
[Date "1999.05.01"]
[Round "3"]
[White "Pacey, Kevin"]
[Black "Hum, Peter"]
[Result "1-0"]
[WhiteElo "2299"]
[BlackElo "2272"]
[PlyCount "75"]
[GameId "2160767911805127"]
[EventDate "1999.05.01"]
[EventType "swiss"]
[EventRounds "5"]
[EventCountry "CAN"]

1. d4 Nf6 2. c4 e6 3. Nc3 Bb4 4. e3 b6 5. Bd3 Bb7 6. Nf3 Ne4 7. O-O f5 8. Qc2 Bxc3 9. bxc3 O-O 10. c5 bxc5 11. Ba3 Ng5 12. Ne1 Rf6 13. Bxc5 d6 14. Ba3 Nd7 15. f3 Rh6 16. Bc1 Qf6 17. Rb1 Bc8 18. f4 Nf7 19. e4 g6 20. Nf3 Qd8 21. c4 Nf6 22. e5 Nd7 23. Re1 Nb6 24. d5 dxe5 25. fxe5 Rh5 26. a4 a5 27. Be3 Qe8 28. Bxb6 cxb6 29. Rxb6 exd5 30. e6 Ng5 31. cxd5 Nxf3+ 32. gxf3 Qd8 33. Rb5 Qh4 34. Qe2 Qxa4 35. Qe5 Qh4 36. e7 Bd7 37. Rb8+ Be8 38. Rxa8 1-0

[Event "Arnprior op"]
[Site "Arnprior CAN"]
[Date "1999.05.02"]
[Round "4"]
[White "O'Donnell, Tom"]
[Black "Pacey, Kevin"]
[Result "1-0"]
[WhiteElo "2445"]
[BlackElo "2299"]
[PlyCount "99"]
[GameId "2160767911805128"]
[EventDate "1999.05.01"]
[EventType "swiss"]
[EventRounds "5"]
[EventCountry "CAN"]

1. e4 c5 2. c3 d5 3. exd5 Qxd5 4. d4 Nc6 5. Nf3 Bg4 6. Be2 O-O-O 7. Be3 e5 8. c4 Qd7 9. d5 Bxf3 10. Bxf3 Nd4 11. O-O f5 12. Nc3 Nf6 13. Be2 Bd6 14. b4 Kb8 15. bxc5 Bxc5 16. Nb5 Qe7 17. Nxd4 Bxd4 18. Bxd4 exd4 19. Bf3 Qc5 20. Qd3 Rc8 21. Qxf5 Qxc4 22. Rab1 Rc5 23. h3 Rhc8 24. Rfd1 Ka8 25. Qe5 d3 26. Qe7 R5c7 27. Qa3 Nxd5 28. Rxd3 Nc3 29. Rxc3 Qxc3 30. Qxc3 Rxc3 31. Bxb7+ Kb8 32. Bxc8+ Kxc8 33. Rb3 Rc2 34. Rf3 Rc7 35. g4 Kd8 36. Re3 Rc2 37. Ra3 Rc7 38. Kg2 Ke7 39. Ra6 g5 40. Kg3 Kf7 41. f3 Kg7 42. h4 h6 43. Ra5 Kg6 44. Rd5 Re7 45. a4 Re6 46. h5+ Kf6 47. Rd7 Ra6 48. Rh7 Ke5 49. Rg7 Rxa4 50. Rg6 1-0

[Event "Arnprior op"]
[Site "Arnprior CAN"]
[Date "1999.05.02"]
[Round "5"]
[White "Benggawan, Alexandra"]
[Black "Smeltzer, Wayne"]
[Result "1-0"]
[WhiteElo "1512"]
[BlackElo "1668"]
[PlyCount "103"]
[GameId "2160767911805129"]
[EventDate "1999.05.01"]
[EventType "swiss"]
[EventRounds "5"]
[EventCountry "CAN"]

1. e4 e5 2. Nf3 d6 3. Nc3 Nf6 4. Bc4 Be7 5. O-O O-O 6. d4 exd4 7. Nxd4 Bd7 8. Bg5 Nc6 9. Re1 Ne5 10. Bb3 a6 11. Nf5 Bxf5 12. exf5 h6 13. Bh4 Qd7 14. Rxe5 dxe5 15. Qxd7 Nxd7 16. Bxe7 Rfe8 17. Bh4 c6 18. Rd1 Nc5 19. Bc4 b5 20. Bd3 f6 21. Ne4 Nxe4 22. Bxe4 Rad8 23. Rxd8 Rxd8 24. f3 Rd1+ 25. Kf2 Rd2+ 26. Kf1 c5 27. Be1 Rd1 28. Ke2 Rb1 29. b4 cxb4 30. Bd5+ Kf8 31. Bb3 a5 32. a4 bxa3 33. Bxa5 Rxb3 34. cxb3 Ke8 35. Bc3 Kd7 36. Kd3 Kc6 37. b4 Kd5 38. Ba1 a2 39. Bb2 Kd6 40. Ke4 Kc6 41. g4 Kd6 42. Kd3 Kd5 43. h4 Kd6 44. Ke4 Kc6 45. g5 Kd6 46. gxh6 gxh6 47. h5 Kc6 48. f4 exf4 49. Kxf4 Kd5 50. Bxf6 Kc4 51. Ba1 Kxb4 52. f6 1-0